Systém vzdelávania vo verejnej správe vo Francúzsku ako príklad dobrej praxe

Vymedzenie systému celoživotného vzdelávania vo verejnej správe v podmienkach Francúzska. Výber tohto systému bol podmienený tým, že sa rozvíja počas veľmi dlhého obdobia už od konca 2. svetovej vojny, má komplexný charakter a môže priniesť inšpirácie pre rozvoj slovenského systému vzdelávania vo ve...

Descrizione completa

Salvato in:
Dettagli Bibliografici
Autore principale: Dudová, Iveta
Natura: Capitolo di libro
Lingua:slovacco
Soggetti:
Tags: Aggiungi Tag
Nessun Tag, puoi essere il primo ad aggiungerne!!

MARC

LEADER 00000naa a2200000 4500
001 0226987
005 20220718123455.1
041 0 |a slo 
044 |a SK 
245 1 0 |a Systém vzdelávania vo verejnej správe vo Francúzsku ako príklad dobrej praxe  |c Iveta Dudová 
520 |a Vymedzenie systému celoživotného vzdelávania vo verejnej správe v podmienkach Francúzska. Výber tohto systému bol podmienený tým, že sa rozvíja počas veľmi dlhého obdobia už od konca 2. svetovej vojny, má komplexný charakter a môže priniesť inšpirácie pre rozvoj slovenského systému vzdelávania vo verejnej správe. 
610 2 0 |a politika vzdelávania 
610 2 0 |a správa verejná 
610 2 0 |a Francúzsko 
610 2 0 |a riadenie ľudských zdrojov 
610 2 0 |a služba verejná 
100 1 |a Dudová, Iveta